000 00717nam a2200229Ia 4500
001 10019
003 GE_BSU
008 181216s||||||||xx |||||||||||||| ||und||
040 _cGE_BSU
080 _a821.353.1–32
100 _aპაპუაშვილი,გიორგი
245 _aლოჭო
245 _bმოთხრობები
245 _cრედ.სოლომონ დემურხანაშვილი.მხატვ.სპარტაკ ცინცაძე
260 _aთბილისი
260 _bმერანი
260 _c1971
300 _a201გვ.20სმ.
653 _aლოჭო
653 _aმოთხრობები
942 _cBK
999 _c43292
_d43292